000 01914nam a2200277Ia 4500
003 OSt
005 20210831162925.0
008 210310s1992 ck fr 001 0 spa d
020 _a8482725343
040 _aCO-JMCR
_cCO-JMCR
041 0 _aspa
082 0 4 _a347.9 /
_bQ78t
_223
100 1 _aQuintero, Beatriz,
_917277
_eautor
245 1 0 _aTeoría general del proceso /
_cBeatriz Quintero, Eugenio Prieto
260 _aBogotá :
_bEditorial Temis,
_c1992
300 _axv, 352 páginas ;
_c22 cm.
500 _aIncluye notas a pie de página e índice de autores y de materias.
504 _aBibliografía: páginas [331]-333
505 0 _aLa teoría del proceso -- Teoría de la norma procesal -- Los principios generales del derecho procesal -- Aspecto histórico -- La jurisdicción -- La competencia -- El derecho de acción -- La pretensión -- El proceso
520 3 _aLa noción y el concepto de la teoría del proceso como disciplina objeto de un estudio revestido de autonomía, puede considerarse relativamente nuevo puesto que apenas si se introduce en el ámbito de los estudios universitarios del país, separando cuanto se involucraba: esta teoría general apena se analizaba como un apéndice introductorio se las cátedras que corresponden al estudio del derecho procesal civil general y del derecho procesal general, actitud que se traduce en una postura que no se compagina con la moderna concepción unitaria de la naturaleza del proceso y que se adecúa más a esa otra, que lenta pero paulatinamente se supera, del proceso penal y el proceso civil como nociones científicas irreductibles, aludiendo, aunque no se admita abiertamente, a un proceso público y a un proceso privado.
650 1 4 _aDerecho procesal
_917279
_xTeoría, etc.
650 2 4 _aProcedimiento civil
_99109
650 2 4 _aPrueba (Derecho)
_913752
700 1 _aPrieto, Eugenio,
_eautor
_939836
942 _2ddc
_cBK
999 _c8440
_d8440